000 00672nam a2200265Ia 4500
005 20260121170702.0
008 008 260114s9999 xx 000 0 eng d
020 _a9789811309052
037 _aEBOOK
040 _aCRL
040 _beng
040 _cCRL
041 _2eng
041 _aeng
084 _qCRL
100 _aRajat Kathuria, Saon Ray, Kuntala Bandyopadhyay
_91066925
245 0 _aLow Carbon Pathways for Growth in India
260 _bSpringer
260 _bSpringer
260 _c2018
856 _uhttps://link.springer.com/openurl?genre=book&isbn=978-981-13-0905-2
942 _cEBOOK
999 _c1632655
_d1632655